[Event "Olympiad-23"]
[Site "Buenos Aires"]
[Date "1978.11.04"]
[Round "10"]
[White "Grinberg, Ricardo"]
[Black "Parma, Bruno"]
[Result "0-1"]
[WhiteElo "2405"]
[BlackElo "2540"]
[Annotator "Parma,B"]
[PlyCount "81"]
[EventDate "1978.10.25"]
[EventType "team-swiss"]
[EventRounds "14"]
[EventCountry "ARG"]
[SourceTitle "EXT 2000"]
[Source "ChessBase"]
[SourceDate "1999.11.16"]
[SourceVersion "1"]
[SourceVersionDate "1999.11.16"]
[SourceQuality "1"]
[WhiteTeam "Argentina"]
[BlackTeam "Yugoslavia"]
[WhiteTeamCountry "ARG"]
[BlackTeamCountry "YUG"]

{Inf.26/272} 1. e4 e5 2. Nf3 Nc6 3. Bb5 f5 4. d3 (4. d4 fxe4 5. Nxe5 Nxe5 6.
dxe5 c6 7. Nc3 cxb5 8. Nxe4 d5 9. exd6 Nf6 10. Qd4 Nxe4 11. Qxe4+ Kf7 12. Bf4
Qe8 13. Be5 Bxd6 14. Qd5+ Qe6 15. Qxd6 Qxd6 16. Bxd6 Re8+ 17. Kf1 Bf5 $44 {
Gonzalez-Montalvo/Cuba 1978}) 4... fxe4 5. dxe4 Nf6 6. O-O Bc5 $5 (6... d6 7.
Qd3 $14) 7. Nc3 (7. Bxc6 $5 dxc6 $13) 7... d6 8. Bg5 O-O 9. Nd5 Kh8 $1 (9...
Bg4 10. Nxf6+ gxf6 11. Bh6 $16) 10. Nh4 (10. c3 Ne7 $11) 10... Nd4 $1 11. Bd3
c6 12. Bxf6 (12. Nxf6 gxf6 13. Bh6 Rg8 14. f3 Bg4 $17) 12... gxf6 13. Ne3 $11
Ne6 14. Nef5 Ng7 15. Qd2 $6 (15. Nxg7 Kxg7 16. Qh5 $11) 15... Nxf5 16. exf5 (
16. Nxf5 Bxf5 17. exf5 d5 $15) 16... Qe7 17. Qh6 Kg8 18. c4 $6 Qg7 $17 19.
Qxg7+ Kxg7 20. Be4 Bd7 21. Rad1 a5 22. Rd3 Kf7 23. g3 $6 (23. Rfd1 {/\ Rh3})
23... Ke7 24. a4 Be8 25. Kg2 Bf7 26. b3 Rfd8 27. Rfd1 Rd7 28. f4 Rad8 29. fxe5
dxe5 $1 $18 (29... fxe5 $2 30. f6+ $13) 30. Rxd7+ Rxd7 31. Rxd7+ Kxd7 32. Bc2 (
32. Kf3 b5) 32... Be3 33. Kf1 Kd6 34. Ke2 Bc1 35. h3 Kc5 36. Nf3 b5 37. cxb5
cxb5 38. axb5 Kxb5 39. Ne1 Kb4 $1 40. Kd1 Be3 41. Ke2 (41. Ke2 Bh6) 0-1

[Event "RUS Cup"]
[Site "Serpukhov"]
[Date "2007.11.15"]
[Round "6.1"]
[White "Timofeev, Artyom"]
[Black "Zvjaginsev, Vadim"]
[Result "1-0"]
[WhiteElo "2637"]
[BlackElo "2674"]
[Annotator "Postny,E"]
[PlyCount "121"]
[EventDate "2007.11.05"]
[EventType "k.o."]
[EventRounds "6"]
[EventCountry "RUS"]
[SourceTitle "CBM 122"]
[Source "ChessBase"]
[SourceDate "2008.01.30"]
[SourceVersion "1"]
[SourceVersionDate "2008.01.30"]
[SourceQuality "1"]

1. e4 e5 2. Nf3 Nc6 3. Bb5 f5 4. d4 {Going back to the 19th century! Nowadays,
4.d3 is more popular, replacing the previous main line 4.Nc3.} Nxd4 $6 {
This move hasn't yet appeared at a high level, therefore doesn't have a good
reputation.} ({The main and old line continues with} 4... fxe4 5. Nxe5 Nxe5 6.
dxe5 c6 {and here White can sacrifice a piece by} 7. Nc3 $5 {which leads to
immense complications.} (7. Bc4 {is a quieter possibility.})) 5. Nxd4 exd4 6.
O-O c6 (6... fxe4 $4 {loses right away to} 7. Qh5+) 7. Bc4 {An obvious move.
However, if White has ambitions to punish his opponent for not developing
pieces at all, his play has to be more tempting and attacking.} ({A piece
sacrifice seems to yield White a promising attack:} 7. exf5 $1 cxb5 8. Qh5+ Ke7
9. Na3 (9. Bf4 $6 d6 10. Re1+ Kd7 11. Qf7+ Be7 12. Qxg7 Nf6 $13) 9... Nf6 (9...
a6 10. Re1+ Kd6 11. Bf4+ Kc5 12. Re8 Nf6 13. b4+ Kxb4 14. Rb1+ Kc5 15. Qe2 Qxe8
(15... Qb6 16. c4 $1 $18) {[%tqu "En","Can Black's king escape?","","","b1b5",
"",5]} 16. Rxb5+ $1 axb5 17. Qxb5#) 10. Re1+ Kd6 11. Nxb5+ Kc6 12. Nxd4+ Kc7
13. Bf4+ d6 14. Qf3 $40) 7... Nf6 {Now Black gets a fairly reasonable position.
} 8. e5 Ne4 (8... d5 9. exf6 dxc4 10. Re1+ Kf7 11. Bg5 g6 12. Nd2 h6 13. Bh4
Qd5 $13 (13... g5 $4 14. Qh5+ Kxf6 15. Bxg5+ hxg5 16. Qxh8+ $18)) 9. f3 $6 (9.
Nd2 d5 10. exd6 Nxd6 11. Bb3 Qf6 12. Re1+ Be7 13. Nf3 {[%cal Gc1g5]} Ne4) 9...
Nc5 10. Qxd4 b5 $1 11. Bd3 d5 {Now it's clear that Black has solved his
opening problems.} 12. Qf2 ({Black is just fine after} 12. exd6 Qxd6 13. Re1+
Kf7) 12... Qb6 ({I would seriously consider a move like} 12... g6 {,
protecting Pf5 and intending to place the knight on a perfect blockading
square e6.}) 13. Re1 Nxd3 14. cxd3 Qxf2+ 15. Kxf2 Be6 (15... c5 $2 16. Nc3 $16
{[%csl Rb5,Rd5]}) 16. d4 c5 17. Nc3 a6 18. b3 Rc8 (18... cxd4 19. Ne2 Bc5 20.
Bb2 d3+ 21. Nd4 Rc8 22. Red1 Bxd4+ 23. Bxd4 Rc2+ 24. Kf1 Ke7 25. Rxd3 Rhc8 $11)
19. Ne2 c4 20. Bd2 b4 $6 {This move reflects Black's ambition to win this game.
Basically, Black could just keep his pawn structure as it is, playing simply
Kf7, Be7 and so on. In that case, White would probably close the queenside by
b3-b4 which will lead to a draw. Considering what happened later, it is easy
to recommend to Zvjaginsev to be content with equality as Black, and to try to
win with White on the next day (in the event the K.O. system applied).} 21. a3
$1 {This move was probably underestimated by Vadim Zvjaginsev. Opening the
a-file is in White's favour.} c3 (21... bxa3 22. bxc4 Rxc4 23. Reb1 {The Pa3
will fall anyway after Bd2-c1. Meanwhile, Black's weaknesses Pa6 and Pd5 will
become very apparent.}) 22. Bc1 c2 (22... a5 23. axb4 Bxb4 (23... axb4 24. Nf4
Rc6 25. Nxe6 Rxe6 26. Ra5 $16 {[%csl Rd5]}) 24. Nf4 Kf7 25. Ba3 {After the
exchange of dark-squared bishops, white's knight will dominate black's passive
bishop.}) 23. axb4 Bxb4 {[%tqu "En","White's rook is attacked. What would you
suggest?","","","a1a6","This exchange sacrifice is just as simple as it is
strong. In compensation for the exchange White will have a pawn, control over
the dark squares and good interaction between all his pieces.",10]} 24. Rxa6 $1
{This exchange sacrifice is just as simple as it is strong. In compensation
for the exchange White will have a pawn, control over the dark squares and
good interaction between all his pieces.} Bxe1+ 25. Kxe1 {Black's passed Pc2
is blocked, soon will be surrounded and captured. Meanwhile, Black has few
chances for counterplay since his pieces are very passive.} Bd7 26. Nf4 O-O {
Sacrificing Pd5 in order to open some lines and diagonals is Black's only
chance to achieve any counterplay.} (26... Bc6 27. Kd2 $16) 27. Nxd5 Rb8 $6 {
It was more logical to employ the other rook.} (27... Rfe8 28. Rd6 (28. Rb6 {
Defending the Pb3.} Be6 29. Nf4 Kf7 30. d5 $2 Bxd5 31. Nxd5 Rxe5+ 32. Ne3 f4
$19 {Here we see the point of 27...Rfe8.}) 28... Be6 29. Kd2 Bxd5 30. Rxd5 Re6
{[%csl Rg2,Rh2][%cal Ge6g6,Ge6h6] and Black is still in the game, as the Pc2
is still alive.}) 28. Rd6 Rfd8 29. Ne3 f4 (29... Rxb3 $2 30. e6 Rxe3+ 31. Bxe3
Re8 32. d5 $18) 30. Nc4 Bf5 (30... Rxb3 31. e6 Re8 32. Rxd7 Rd3 33. d5 Rd1+ 34.
Ke2 Rxc1 35. Kd2 Rg1 36. Kxc2 Rxg2+ 37. Kd3 $18 {[%csl Gd5,Ge6]}) 31. Kd2 Rxd6
32. Nxd6 Be6 33. Kxc2 Rb4 $2 (33... Bxb3+ 34. Kc3 g5 35. Ne4 h6 36. h4 {
also bad for Black, but still was more stubborn.}) 34. Nc4 $1 {This way White
keeps all his extra pawns.} g5 (34... Bxc4 35. Kc3 Rxb3+ 36. Kxc4 Rb1 37. Bxf4
$18) 35. Kc3 Rb8 36. g3 $2 {I guess, a time-trouble mistake. This move could
spoil all White's previous efforts.} g4 $2 {Missing the chance.} (36... fxg3
37. hxg3 Rf8 38. f4 gxf4 (38... h5 {also possible.}) 39. Bxf4 h5 $44 {[%csl
Gh5][%cal Gh5h4]}) 37. fxg4 f3 38. Be3 Kf7 39. Nd2 Bd5 40. Kd3 Ke6 41. h3 Rf8
42. Bf2 {The Pf3 is safely blocked. The rest is a matter of technique.} Rb8 43.
Be3 Rf8 44. Bf2 {Gaining time on the clock.} Rb8 45. g5 Kf5 46. Be3 {Covering
the f4 square.} Kg6 47. g4 Rf8 48. h4 Rb8 (48... f2 49. Ke2 $18) 49. h5+ Kg7
50. Bf2 Kf7 51. Bh4 Ke6 52. Ke3 Kf7 53. Kf4 Kg7 54. Bf2 Ra8 55. Be3 Ra1 56. b4
{White has so many passed pawns, so one of them will definitely achieve a
promotion.} Re1 57. b5 Rd1 58. Ne4 Rf1 59. b6 Ba8 60. e6 Rb1 61. Nf6 1-0

[Event "Biel GM 43rd"]
[Site "Biel"]
[Date "2010.07.23"]
[Round "5"]
[White "Vachier Lagrave, Maxime"]
[Black "Andreikin, Dmitry"]
[Result "1/2-1/2"]
[WhiteElo "2723"]
[BlackElo "2650"]
[Annotator "Postny,E"]
[PlyCount "111"]
[EventDate "2010.07.19"]
[EventType "tourn"]
[EventRounds "9"]
[EventCountry "SUI"]
[EventCategory "17"]
[SourceTitle "CBM 138"]
[Source "ChessBase"]
[SourceDate "2010.09.17"]
[SourceVersion "1"]
[SourceVersionDate "2010.09.17"]
[SourceQuality "1"]

1. e4 e5 2. Nf3 Nc6 3. Bb5 f5 4. d3 fxe4 5. dxe4 Nf6 6. Nc3 {Perhaps this is
already a slight inaccuracy. Immediate castling is more common and flexible.} (
{And the line which is currently being disputed is:} 6. O-O Bc5 7. Qd3 d6 8.
Qc4 Qe7 9. Nc3 Bd7 10. Nd5 Nxd5 11. exd5 Nd4 12. Bxd7+ Qxd7 13. Nxd4 ({Black
achieved sufficient compensation for the pawn after} 13. Nxe5 Qf5 14. Nd3 O-O-O
15. a4 Rhe8 16. Kh1 g5 $1 {1/2-1/2 Mamedyarov,S (2752)-Radjabov,T (2751)/Baku
2008/CBM 124 (30)}) 13... Bxd4 14. a4 a6 15. Be3 Bxe3 16. fxe3 {Objectively,
White has very little, but in practice still manages from time to time to
squeeze something out of nothing.}) 6... Bb4 {This is the point. Black uses
the chance to get rid of his dark-squared bishop, the only piece which he
doesn't really know where to develop.} 7. Qd3 d6 8. O-O (8. Bd2 Bxc3 9. Bxc3
Bd7 10. O-O-O O-O {I wonder, why this doesn't appear in practice more often?
castling on opposite sides add some spice to this position. Objectively, it's
about equal.}) 8... Bxc3 {Black must exchange now, before White's knight gets
a chance to escape to d5.} 9. Qxc3 Bd7 {Now White doesn't have time to control
the diagonal a2-g8 and obstruct the opponent's castling. He has to spend a
tempo on protecting the Pe4.} 10. Qd3 (10. Re1 O-O 11. Bg5 Qe8 12. Bh4 Kh8 13.
Bxc6 Bxc6 14. Bxf6 Rxf6 15. Nd2 Qh5 16. Nf1 Raf8 17. Ng3 Qf7 18. f3 $11 {
1/2-1/2 Swinkels,R (2433)-De Jong,J (2445)/Hilversum 2008/EXT 2010 (41)}) 10...
O-O 11. c3 Kh8 12. Bg5 Qe8 {Black has an easy game.} 13. Nd2 Qh5 {Andreikin
could already swap everything by 13...Nb4. The move in the text is more
ambitious. Black has grounds to try for more than equality.} (13... Nb4 14.
Bxd7 Nxd3 15. Bxe8 Raxe8 $11) 14. Bxf6 Rxf6 15. Qe2 Qh4 {Following the same
policy of avoiding the exchange of queens.} 16. f3 Rh6 (16... Raf8 {seems
preferable to me, but perhaps it's just a matter of taste.}) 17. g3 Qg5 18. f4
$1 {This is strategically risky, but probably the best. White shouldn't remain
passive.} (18. Rf2 Rf8 19. Nf1 Rhf6 $15 {and now} 20. Ne3 $2 {would fall into}
Nd4 $1 21. cxd4 Bxb5 22. Qxb5 Qxe3 $19) 18... exf4 19. Rxf4 {White has created
an isolated pawn for himself, but now controls the important f-file.} Rf6 20.
Rxf6 gxf6 $6 {I must say that myself I would hardly even consider this
recapture.} (20... Qxf6 21. Rf1 Qe7 22. Bxc6 Bxc6 23. Qc4 Rf8 24. Rxf8+ Qxf8
25. Qe6 {and White should hold this relatively easily.}) 21. Bxc6 Bxc6 22. Rf1
Re8 23. Rf4 {Now White is the one that can play for something more than
equality.} d5 (23... f5 24. Qe3 $1 (24. Qf2 fxe4 25. Rf8+ Rxf8 26. Qxf8+ Qg8
27. Qf6+ Qg7 28. Qd8+ {is a perpetual check.}) 24... Kg8 (24... fxe4 $4 25.
Rf8+ $1 Rxf8 26. Qxg5 $18) 25. Qxa7 fxe4 26. Qe3 $14) 24. Nf3 Qh5 25. Rxf6 dxe4
26. Nd4 Qxe2 27. Nxe2 $14 {Black has to play accurately as the Pe4 is actually
a target.} Rd8 (27... Kg7 28. Rf4 Kg6 29. Nd4 Bd5 30. b3 {doesn't solve
Black's problems so easily.}) 28. Nd4 Bd5 29. b3 e3 $2 (29... Bg8 $1 {was the
right path for a draw.} 30. Kf2 c5 31. Nf5 Rd2+ 32. Ke3 Rxa2 33. Rf8 Rxh2 34.
Ne7 Kg7 35. Rxg8+ Kf7 36. Rb8 Kxe7 37. Rxb7+ Kd6 38. Kxe4 Rg2 $11) 30. Kf1 c5
31. Nf5 Be4 32. Ke2 b6 (32... Bxf5 33. Rxf5 Rd2+ 34. Kxe3 Rxh2 35. Rxc5 Rxa2
36. Rc8+ Kg7 37. Rc7+ Kg6 38. Rxb7 $18 {[%csl Gc3] The c-pawn will decide the
outcome.}) 33. Rd6 Re8 34. Nxe3 {A free pawn for White. However, the win is
far from easy, as the bishop is preferable to the knight.} Re7 35. b4 cxb4 36.
cxb4 Rc7 37. Kd2 Rf7 38. Kc3 Rf2 39. Rd2 $6 {Obviously, time-trouble.} Rf7 40.
Rd6 Kg7 $1 {Andreikin realised that he shouldn't repeat the position, and
deviated first.} (40... Rf2 41. Rd8+ $1 Kg7 42. Rd7+ Rf7 43. Rxf7+ Kxf7 44. Kd4
$18) 41. a4 $6 (41. Kd4 Bg6 42. Nd5 $1 {[%cal Gd6c6,Gc6c7,Gd6e6,Ge6e7] with
the idea of swapping the rooks should suffice for a win.}) 41... Bg6 42. a5 $6
{This move, as well as the whole idea a2-a4-a5 can't be approved, as the
exchange of pawns, in fact, favours the defending side.} ({Again} 42. Nd5 {
was called for.}) 42... Rc7+ 43. Kd4 Re7 44. axb6 axb6 45. Nc4 $2 ({Once again
} 45. Nd5 $1 {This time it was the last chance for a win. However, it seems
that Black can hold it with precise defence. Here is one sample line:} Re4+ 46.
Kc3 b5 47. Rc6 (47. Rb6 $2 Rc4+ 48. Kb2 Bf7 49. Rxb5 Bxd5 50. Rxd5 Rxb4+ $11)
47... Re2 48. Rb6 Rxh2 49. Rxb5 Rg2 50. Rb7+ Bf7 51. b5 Rxg3+ 52. Kc4 Kg6 53.
Rd7 Be6 54. b6 Rg1 55. b7 Rb1 56. Re7 Kf5 57. Kc5 Bxd5 58. Kxd5 h5 $11) 45...
Re4+ 46. Kd5 Rg4 $1 {Now White can't save his Pb4, so his winning chances
faded away.} 47. Rd7+ Kf6 48. Nxb6 Rxb4 49. Kc5 Rb2 50. Nd5+ Kg5 51. Ne3 Kf6 {
Avoiding the last trap.} (51... Rxh2 $4 52. Rd5+ {and Black loses one of his
pieces.}) 52. Rd6+ Ke7 53. Nd5+ Kf8 54. Rd8+ Kf7 55. Rd7+ Kf8 56. Rd8+ 1/2-1/2

[Event "Rohde op 06th"]
[Site "Sautron"]
[Date "2006.10.30"]
[Round "3"]
[White "Colovic, Aleksandar"]
[Black "Shirazi, Kamran"]
[Result "1-0"]
[WhiteElo "2459"]
[BlackElo "2406"]
[Annotator "RR"]
[PlyCount "63"]
[EventDate "2006.10.28"]
[EventType "swiss"]
[EventRounds "9"]
[EventCountry "FRA"]
[SourceTitle "EXT 2007"]
[Source "ChessBase"]
[SourceDate "2006.11.23"]
[SourceVersion "1"]
[SourceVersionDate "2006.11.23"]
[SourceQuality "1"]

1. e4 e5 2. Nf3 Nc6 {Une petite surprise probablement pour éviter une
préparation car son répertoire habituel est la PETROV tout en choississant des
lignes secondaires comme 5. Bg4?!} (2... Nf6 3. Nxe5 d6 4. Nf3 Nxe4 5. d4 Bg4
$6 {Degraeve,J (2566)-Shirazi,K (2423) Cappelle op 20th 2004 (3) 1-0} (5... d5)
) 3. Bb5 f5 {Le gambit JAENISCH correspond bien au style aventureux de SHIRAZI.
} (3... Qe7 $2 {Bachtiar,A (2335)-Shirazi,K (2285) Jakarta 1978 1/2}) (3... a6
4. Ba4 Nge7 $5 {Draoui,N (2377)-Shirazi,K (2389) Paris ChessXV 2004 (3) 1/2})
4. Bxc6 (4. d3 {Melnikova,Y (2295)-Shirazi,K (2406) Rohde op 6th 2006 (5.7) 1/2
}) 4... bxc6 (4... dxc6) 5. d4 (5. O-O $1 fxe4 6. Nxe5 Nf6 7. Nc3 $32) (5. Nxe5
{La ligne principale}) 5... exd4 $5 (5... fxe4 {le seul coup joué mais SHIRAZI
cherchait une amélioration sur une partie précédente de son adversaire avec
ed4.}) 6. Nxd4 (6. Qxd4) 6... Qe7 $6 {Pour pêcher en eaux troubles mais ce
coup est vraiment laid!} (6... Qh4 7. O-O $1 (7. Nxf5 Qxe4+ 8. Ne3 (8. Qe2
Qxe2+ 9. Kxe2 d5 {[%cal Gc8f5]})) 7... fxe4) 7. O-O fxe4 8. Nc3 Bb7 $146 ({RR} 
8... Nf6 9. Bg5 Qf7 10. Bxf6 Qxf6 11. Nxe4 Qg6 12. f4 d5 13. f5 Qh6 14. Ng3 Bc5
15. Re1+ Kf7 16. Kh1 Bd7 17. Nf3 Bf2 18. Ne5+ Kg8 19. Ng4 Qf4 20. Rf1 h5 21.
Nxf2 h4 22. Ne2 Qxf5 23. Nd4 {Colovic,A (2384)-Gauffriaud,C/Toulon 2001/CBM
085 ext/1-0 (31)}) 9. Nxe4 $1 O-O-O 10. Re1 Qf7 {Les noirs n'ont pas le choix
pour terminer le développement et l'idée de Qe7 laisse une initiative durable
aux blancs.} 11. Bg5 $16 Nf6 12. Nb3 (12. Nxf6 gxf6 13. Qf3 Bg7 14. Nf5 c5 (
14... fxg5 15. Nd6+) 15. Qf4 Bf8 16. Ne3 Be7 17. Bh4 Rhg8 $132 {[%csl Rg2]})
12... Nxe4 13. Rxe4 c5 14. Rf4 Qg6 15. Rg4 $1 Re8 16. Be3 Qf5 (16... Qb6 {
[%csl Rc5]}) 17. Rg5 Qf6 18. Qd2 (18. Nxc5 Rxe3 19. Qxd7+ Kb8 20. fxe3 Qxg5 21.
Qe8+ Bc8 22. Nd7+ Kb7 23. Nxf8) 18... h6 19. Rd1 $1 Bd6 20. Rg4 h5 21. Rg5 Rxe3
$2 (21... Re5 $1) 22. Qxe3 Bf4 23. Rxh5 $3 {[%csl Re8] la pointe} Rf8 24. Qh3
Bd6 {[%csl Rf2]} 25. f3 Qxb2 26. Rh8 Qf6 27. Rxf8+ Qxf8 28. Qh5 Kb8 $2 29. Re1
$18 Bc8 30. Re8 g6 31. Qxg6 Qf4 32. Qg8 1-0

[Event "URS-chT Cup 11th"]
[Site "Rostov on Don"]
[Date "1980.05.??"]
[Round "3"]
[White "Chiburdanidze, Maia"]
[Black "Gaprindashvili, Nona"]
[Result "1-0"]
[WhiteElo "2400"]
[BlackElo "2370"]
[Annotator "RR"]
[PlyCount "47"]
[EventDate "1980.05.23"]
[EventType "team-tourn"]
[EventRounds "7"]
[EventCountry "URS"]
[SourceTitle "EXT 2020"]
[Source "ChessBase"]
[SourceDate "2019.10.17"]
[SourceVersion "1"]
[SourceVersionDate "2019.10.17"]
[SourceQuality "1"]
[WhiteTeam "Dinamo"]
[BlackTeam "Soviet Army"]
[WhiteTeamCountry "URS"]
[BlackTeamCountry "URS"]

1. e4 {Duel entre la championne du Monde en titre et l'ancienne détentrice du
titre.} e5 2. Nf3 Nc6 3. Bb5 f5 $5 {Un gambit assez rare а ce niveau.} 4. Nc3
Nd4 (4... fxe4 {la grande ligne}) 5. O-O (5. exf5) (5. Bc4) 5... Nxb5 6. Nxb5
fxe4 (6... c6) 7. Nxe5 Ne7 $6 $146 (7... Nf6 8. Ng4 $36 {Van der Sterren,P 
(2410)-Iskov,G (2400) Silkeborg 1980 (6) 1-0}) 8. Qh5+ g6 9. Qh4 Bg7 10. Qf4
Rf8 11. Qxe4 d6 12. Nf3 Bf5 (12... a6 $142) (12... d5 $142) 13. Qc4 c6 14. Nbd4
d5 15. Qe2 Qd7 16. Nxf5 Qxf5 17. Re1 {[%csl Re7,Re8]} Bf6 (17... Rf7 $142) 18.
Nd4 $40 Qd7 19. Ne6 Rf7 20. d4 Rc8 21. c3 b6 22. Bg5 c5 23. Bxf6 Rxf6 24. Qe5
1-0